000 00345nam a2200133Ia 4500
008 240624s9999 xx 000 0 und d
041 _aeng
082 _a658.4 PRA
100 _aPRASAD V R K
245 _aMANAGERIAL EFFECTIVENESS THE WINNER S ED
260 _c2004
_aHyderabad
_bICFAI University
300 _aviii, : 196p. ; 22cm.
365 _cRS
999 _c4050
_d4050